00656nam a2200169 a 450000500170000000800410001702000180005805000260007610000200010224500890012226000300021130000080024144000350024950001450028465000250042965000320045420140412111407.0061208s19uu xx 00 eng d a0-439-26082-5 aTR(GS 372.4bR22 2002 aReutzel, D. Ray aYour classroom library :bNew ways to give it more teaching power /cD. Ray Reutzel. aUSA :bScholastic,c2002. a128 aScholastic teaching strategies aGrades K-6-- "Great teacher- tested and research-based strategies for organizing and using lirary to increase students' reading achievemnet" aReading (elementary) aChildren- books and reading